000 00423nab a2200145Ia 4500
003 ES-SlBCS
005 20210601131728.0
008 140529s1954 xxu||||| |||| 00| 0 fre d
041 _afre
100 1 _aGouhier, Henri
_911023
245 0 0 _aThéâtre: Bons acteurs cherchent bons auteurs
_c Henri Gouhier
650 0 4 _aTeatro
_992860
773 0 _tVie Intelectuelle (La)
_gnº. 2, 1954, págs. 152-155
_wRev907
942 _cAR
999 _c567758
_d567758